000 00707nam a22001817a 4500
005 20240510112637.0
010 _aENG-140327
020 _c600.00
_a9788195174690
035 _aEN-123859
037 _bDBAD
082 _a658
245 _aParadigm Shift Towards Sustainable Business and Management Practices/
_cBy S.Selvanathan et.al
260 _aTamil Nadu
_bVirudhunagar Hindu Nadars' Senthikumara Nadar College
_bMangayarkarasi College of Arts and Science for Women, Paravai, Madurai
_c2023
270 _a25-B T.T.K.Road, (Near M.G.R. Statue) Virudhunagar-626001
_bTamil Nadu
300 _a317p.
_c28cm(pb)
700 _aSelvanathan,S et.al
_966063
942 _2ddc
_cEN
_h658
_kPAR
999 _c202791
_d202791